Investigation of the structural, dielectric and magnetic properties of synthesised Molybdenum Trioxide incorporated cobalt ferrite nanocomposites (Record no. 45660)

000 -LEADER
fixed length control field 00539nam a22001697a 4500
001 - CONTROL NUMBER
control field 45660
003 - CONTROL NUMBER IDENTIFIER
control field BD-DhUET
008 - FIXED-LENGTH DATA ELEMENTS--GENERAL INFORMATION
fixed length control field 250802b xxu||||| |||| 00| 0 eng d
040 ## - CATALOGING SOURCE
Transcribing agency 0
Modifying agency BD-DhUET
100 ## - MAIN ENTRY--PERSONAL NAME
Personal name Mahmudul Hasan
245 ## - TITLE STATEMENT
Title Investigation of the structural, dielectric and magnetic properties of synthesised Molybdenum Trioxide incorporated cobalt ferrite nanocomposites
260 ## - PUBLICATION, DISTRIBUTION, ETC. (IMPRINT)
Place of publication, distribution, etc. Dhaka
Name of publisher, distributor, etc. Department of Physics, BUET
Date of publication, distribution, etc. 2026
300 ## - PHYSICAL DESCRIPTION
Extent xiv, 91 p.
501 ## - WITH NOTE
With note One CD-ROM
504 ## - BIBLIOGRAPHY, ETC. NOTE
Bibliography, etc Includes bibliographies
942 ## - ADDED ENTRY ELEMENTS (KOHA)
Koha item type Thesis
Holdings
Withdrawn status Not for loan Date acquired Lost status Sublocation or collection (holding branch) Source of classification or shelving scheme Damaged status Shelving location Price effective from Koha date last seen Piece designation (barcode) Koha item type Location (home branch)
  2026-04-21 Central Library, BUET  Acquisition section2026-04-252026-04-25121026ThesisCentral Library, BUET